000 01022nam a2200265Ia 4500
003 OSt
005 20221005104623.0
006 a|||||r|||| 00| 0
007 ta
008 221004b |||||||| |||| 00| 0 hin d
020 _a8188714496 (hbk)
_c150
024 _a96696
037 _b566, 23/03/2009, Vani Prakashan
_cTextual
040 _aCRL
_cCRL
_bhin
041 _2hin
_ahin
082 _aP152, P7
100 _aवाजपेयी, किशोरी दास, शास्त्री
_9168576
245 0 _aअच्छी हिन्दी का नमूना
246 _aAchchhī hindī kā namūnā
260 _aदिल्ली
_bलिटिल बुक्स भारत
_c2007
300 _a127पृ0
_ccm.
490 _aअच्छी सृजनात्मक श्रृंखला
942 _hP152, P7
_cTEXL
_2cc
999 _c1013273
_d1013273